00470cam a2200169u 4500001001300000003000400013005001700017008004100034010001700075040001900092050001500111100003500126245005800161260004700219300001700266999001700283unk82064235 DLC20260227112759.0821208s1931 ohu 000 0 eng  aunk82064235  aDLCcCarPdDLC00aCB155b.T51 aThompson, Allison John,d1865-10aMan, nature and civilization ...bRandom thoughts ... a[Cleveland?]bPrivate publicationc[c1931] a2 pt. 18 cm. c91395d91395